000 00601nam a22001817a 4500
999 _c172994
_d172994
005 20200217130555.0
010 _aENG-127886
020 _c1295.00
_a9780198081685
035 _aEN-111418
037 _bDBAD/PUB
082 _a200.954
245 _aReligious Interactions in Modern India/
_cedited by Martin Fuchs [and] Vasudha Dalmia
260 _aNew Delhi
_c2019
_bOxford University Press
270 _a2/11 Ground Floor,Ansari Road,Dariyaganj
_e110002
_bNew Delhi
300 _avi;438p.
_b23(hb)
500 _aincludes bibliographical references and index
942 _2ddc
_cEN
_hMAI
_k200.954